|
|
|
|
| LEADER |
00000nam2a2200000 4500 |
| 001 |
683014 |
| 005 |
20260114105751.0 |
| 090 |
|
|
|a 683014
|
| 100 |
|
|
|a 20251111d1925 k||y0rusy50 ca
|
| 101 |
0 |
|
|a rus
|
| 102 |
|
|
|a RU
|
| 105 |
|
|
|a y z 001yy
|
| 181 |
|
0 |
|a i
|b e
|
| 182 |
|
0 |
|a n
|
| 183 |
|
0 |
|a nc
|2 RDAcarrier
|
| 200 |
0 |
|
|a Вып. 28 : Нефть
|f сост. С. И. Миронов
|
| 203 |
|
|
|a Текст
|b визуальный
|c непосредственный
|
| 210 |
|
|
|d 1925
|
| 215 |
|
|
|a 72 с.
|
| 283 |
|
|
|a volume
|2 RDAcarrier
|
| 316 |
|
|
|5 63413507: КР-8111
|a На обложке дарственная надпись: "Многоуважаемому Михаилу Антоновичу Усову от автора"
|
| 317 |
|
|
|5 63413507: КР-8111
|a Поступил в НТБ в 1940 г. в составе книжного собрания академика М. А. Усова
|
| 320 |
|
|
|a Главнейшая литература: с. 65-72
|
| 461 |
|
1 |
|0 139692
|9 139692
|t Обзор минеральных ресурсов СССР
|f Геологический комитет
|c Ленинград
|n Издание Геологического комитета
|d 1925-1928
|v Вып. 28 : Нефть
|
| 606 |
|
|
|a Нефтяные месторождения
|x Геология
|9 65141
|
| 610 |
1 |
|
|a Россия
|
| 610 |
1 |
|
|a СССР
|
| 610 |
1 |
|
|a минеральные ресурсы
|
| 610 |
1 |
|
|a нефть
|
| 610 |
1 |
|
|a Азербайджан
|
| 610 |
1 |
|
|a Терские районы
|
| 610 |
1 |
|
|a Кубань
|
| 610 |
1 |
|
|a Крым
|
| 610 |
1 |
|
|a Грузинская ССР
|
| 610 |
1 |
|
|a Дагестанская ССР
|
| 610 |
1 |
|
|a Туркменская ССР
|
| 610 |
1 |
|
|a Узбекистан
|
| 610 |
1 |
|
|a Дальний Восток
|
| 610 |
1 |
|
|a Библиотека М. А. Усова
|
| 610 |
1 |
|
|a дары автора
|
| 610 |
1 |
|
|a дары библиотеке
|
| 610 |
1 |
|
|a дарственная надпись
|
| 675 |
|
|
|a 553.982
|v 4
|
| 702 |
|
1 |
|4 220
|a Миронов
|b С. И.
|
| 801 |
|
0 |
|a RU
|b 63413507
|c 20251111
|
| 942 |
|
|
|c CR
|